| 000 | 00491nam a2200169Ia 4500 | ||
|---|---|---|---|
| 008 | 230925s9999||||xx |||||||||||||| ||und|| | ||
| 082 | _a621.31 KHA | ||
| 100 |
_aKhan, Afzaal (327717) _9118266 |
||
| 245 | 0 | _aProtection and Fault Analysis of Type 3 Wind Turbine / | |
| 260 |
_bUSPCAS-E, NUST,Islamabad : _c2023 |
||
| 300 | _axi, 66 p. | ||
| 520 | _aTH-486 | ||
| 650 |
_vMS Thesis _918721 |
||
| 650 | _vMS-EEP Thesis | ||
| 700 |
_aDr. Hsaan Abdullah khalid _9117932 |
||
| 942 |
_cTHE _2ddc |
||
| 999 |
_c603233 _d603233 |
||